Hor sa na lyže! zasnežené svahy a moderné lanovky

Bibliographic Details
Format: Article
Language:Slovak
PhysicalDescription:Fotogr.
ISSN:1210-4040
Subjects:
Online Access:http://www.pluska.sk/plus-7-dni/

MARC

LEADER 00000nab a2200000 a 4500
001 vtls010573136
003 SK-MaSNL
005 20260304173402.0
008 180907c2014 xo wrzp 0 0slo
038 |a RVGKPD 
040 |a RVGKPD  |b slo  |c RVGKPD  |e AACR2 
041 0 |a slo 
044 |a xo  |c SK 
080 |a 796.92  |2 1997 
080 |a 379.847  |2 1997 
245 0 0 |a Hor sa na lyže!  |b zasnežené svahy a moderné lanovky 
300 |b Fotogr. 
650 0 7 |a lyžovanie  |2 rvgkpd  |9 3256 
650 0 7 |a lyžiarske strediská  |2 rvgkpd  |9 70265 
651 7 |a Vysoké Tatry (Poľsko a Slovensko : pohorie)  |2 SNKPHgeo  |9 67729 
651 7 |a Nízke Tatry (Slovensko : pohorie)  |2 rvgkpd  |9 173011 
773 0 |t Plus 7 dní  |g Roč. XXIV, č. 5 (2014), s. [46]-47  |x 1210-4040 
852 |a RVGKPD  |b KIS3G 
856 4 1 |u http://www.pluska.sk/plus-7-dni/ 
992 |a RBX 
999 |c 3002979  |d 3004909